<?xml version="1.0" encoding="UTF-8"?><?xml-stylesheet type="text/xsl" href="static/style.xsl"?><OAI-PMH xmlns="http://www.openarchives.org/OAI/2.0/" xmlns:xsi="http://www.w3.org/2001/XMLSchema-instance" xsi:schemaLocation="http://www.openarchives.org/OAI/2.0/ http://www.openarchives.org/OAI/2.0/OAI-PMH.xsd"><responseDate>2026-04-17T14:24:39Z</responseDate><request verb="GetRecord" identifier="oai:www.recercat.cat:2117/445888" metadataPrefix="marc">https://recercat.cat/oai/request</request><GetRecord><record><header><identifier>oai:recercat.cat:2117/445888</identifier><datestamp>2025-11-13T09:18:17Z</datestamp><setSpec>com_2072_1033</setSpec><setSpec>col_2072_452951</setSpec></header><metadata><record xmlns="http://www.loc.gov/MARC21/slim" xmlns:dcterms="http://purl.org/dc/terms/" xmlns:xsi="http://www.w3.org/2001/XMLSchema-instance" xmlns:doc="http://www.lyncode.com/xoai" xsi:schemaLocation="http://www.loc.gov/MARC21/slim http://www.loc.gov/standards/marcxml/schema/MARC21slim.xsd">
   <leader>00925njm 22002777a 4500</leader>
   <datafield ind2=" " ind1=" " tag="042">
      <subfield code="a">dc</subfield>
   </datafield>
   <datafield ind2=" " ind1=" " tag="720">
      <subfield code="a">Millaret Moncunill, Mar</subfield>
      <subfield code="e">author</subfield>
   </datafield>
   <datafield ind2=" " ind1=" " tag="260">
      <subfield code="c">2025-07-16</subfield>
   </datafield>
   <datafield ind2=" " ind1=" " tag="520">
      <subfield code="a">Aquest treball vol posar en manifest la fragmentació urbana i la seva influència en l’organització i estructura de la ciutat. Es tracta la ciutat per parts i com, aquesta divisió pot condicionar la manera de viure dels habitants i la seva percepció de la ciutat. L’estudi es centra en el concepte de ‘fer barri’ i com aquesta mirada transversal pot funcionar com a eina per a l’adaptació de possibles alternatives a noves formes de convivència, creixement i sostenibilitat. 
Per tal d’estudiar aquesta problemàtica, es proposa un mètode d’anàlisi basat en una sèrie de criteris que ens permeten identificar i entendre les formes d’organització i estructura urbana.
La ciutat escollida com a cas d’estudi és Manresa, una ciutat d’escala mitjana que ens permet entendre la relació entre la fragmentació física i la simbòlica en el territori, així com les dinàmiques de barri, la identitat i el sentit de pertinença. 
Aquest treball qüestiona els límits urbans preestablerts i es proposa una reflexió crítica sobre com aquesta fragmentació en la ciutat no només serveix per limitar, sinó que pot esdevenir una eina per estructurar i repensar la ciutat des de noves perspectives més flexibles, adaptatives i centrades en les relacions entre l’espai i la comunitat.</subfield>
   </datafield>
   <datafield ind2=" " ind1=" " tag="520">
      <subfield code="a">This research highlights urban fragmentation and its influence on the organization and structure of the city. It examines the city as a set of parts, exploring how this division shapes the way inhabitants live in and perceive their urban environment. Central to the study is the concept of ‘fer barri’ - the act of building community - and how this approach can serve as a tool for adapting to new forms of coexistence, growth and sustainability. 
To address this issue, the work proposes an analytical method based on a series of criteria aimed at identifying and understanding patterns of urban organizations and structure. 
The chosen study case is Manresa, a medium-sized city that offers valuable insights into the relationship between physical and symbolic fragmentation, neighborhood dynamics, identity, and the sense of belonging. 
This thesis questions the validity of pre-established urban boundaries and encourages critical reflection on fragmentation as not only a limiting factor, but also as a potential tool to restructure and reimagine the city through more flexible, adaptive, and community-centered perspectives.</subfield>
   </datafield>
   <datafield ind1="8" ind2=" " tag="024">
      <subfield code="a">http://hdl.handle.net/2117/445888</subfield>
   </datafield>
   <datafield tag="653" ind2=" " ind1=" ">
      <subfield code="a">Àrees temàtiques de la UPC::Urbanisme::Planejament urbà</subfield>
   </datafield>
   <datafield tag="653" ind2=" " ind1=" ">
      <subfield code="a">City planning -- Spain -- Manresa</subfield>
   </datafield>
   <datafield tag="653" ind2=" " ind1=" ">
      <subfield code="a">Fragmentació</subfield>
   </datafield>
   <datafield tag="653" ind2=" " ind1=" ">
      <subfield code="a">Organització</subfield>
   </datafield>
   <datafield tag="653" ind2=" " ind1=" ">
      <subfield code="a">Estructura</subfield>
   </datafield>
   <datafield tag="653" ind2=" " ind1=" ">
      <subfield code="a">Percepció</subfield>
   </datafield>
   <datafield tag="653" ind2=" " ind1=" ">
      <subfield code="a">Barri</subfield>
   </datafield>
   <datafield tag="653" ind2=" " ind1=" ">
      <subfield code="a">Fer barri</subfield>
   </datafield>
   <datafield tag="653" ind2=" " ind1=" ">
      <subfield code="a">Manresa</subfield>
   </datafield>
   <datafield tag="653" ind2=" " ind1=" ">
      <subfield code="a">Urbanisme -- Catalunya -- Manresa</subfield>
   </datafield>
   <datafield ind2="0" ind1="0" tag="245">
      <subfield code="a">Ciutat i fragment: eines d'anàlisi per repensar els límits urbans. Cas d'estudi Manresa, Bages, Catalunya</subfield>
   </datafield>
</record></metadata></record></GetRecord></OAI-PMH>